Wild birds and avian influenza : an introduction to applied field research and disease sampling techniques (Record no. 8358)
[ view plain ]
| 000 -LEADER | |
|---|---|
| fixed length control field | 00303nam a22001097a 4500 |
| 020 ## - INTERNATIONAL STANDARD BOOK NUMBER | |
| ISBN | 9789251059081 |
| 040 ## - CATALOGING SOURCE | |
| Transcribing agency | SP |
| 110 ## - MAIN ENTRY--CORPORATE NAME | |
| Corporate name or jurisdiction name as entry element | FAO |
| 245 ## - TITLE STATEMENT | |
| Title | Wild birds and avian influenza : an introduction to applied field research and disease sampling techniques |
| 260 ## - PUBLICATION, DISTRIBUTION, ETC. (IMPRINT) | |
| Place of publication | Phil Harris |
| Name of publisher | FAO |
| Year of publication | 2007 |
| 942 ## - ADDED ENTRY ELEMENTS (KOHA) | |
| Koha item type | សៀវភៅភាសាអង់គ្លេស |
No items available.